| 000 | 00800cam a2200241 a 4500 | ||
|---|---|---|---|
| 020 | _a9781597496131 | ||
| 040 | _dDLC | ||
| 082 | 0 | 4 |
_a658.47 _222 |
| 100 | 1 | _aGragido, Will. | |
| 245 | 1 | 0 |
_aCybercrime and espionage : An analysis of subversive multivector threats _c Will Gragido, John Pirc ; Russ Rogers. |
| 260 |
_aRockland, Mass. : _bSyngress ; _aOxford : _bElsevier Science [distributor], _cc2011. |
||
| 300 |
_axv, 254 p. : _bill. ; _c24 cm. |
||
| 504 | _aIncludes bibliographical references and index. | ||
| 650 | 0 | _aComputer crimes. | |
| 650 | 0 | _aEspionage. | |
| 650 | 0 | _aSecurity systems. | |
| 650 | 0 |
_aComputer crimes _xPrevention. |
|
| 650 | 0 | _aBusiness intelligence. | |
| 650 | 0 |
_aThreats _xSafety measures. |
|
| 700 | 1 | _aPirc, John. | |
| 700 | 1 | _aRogers, Russ. | |
| 942 |
_2ddc _cBK |
||
| 999 |
_c11375 _d11375 |
||